[Event "Paignton Premier 46th"]
[Site "Paignton"]
[Date "1996.09.02"]
[Round "2.9"]
[White "Benson, Paul J"]
[Black "Lamb, Harry"]
[Result "1/2-1/2"]
[WhiteElo "2010"]
[BlackElo "2255"]
[PlyCount "126"]
[EventDate "1996.09.01"]
[EventType "swiss"]
[EventRounds "7"]
[EventCountry "ENG"]
[SourceTitle "BritBase"]
[Source "John Saunders"]
[SourceDate "2023.06.22"]
[SourceVersion "1"]
[SourceVersionDate "2023.06.22"]
[SourceQuality "1"]

1. e4 e6 2. d4 d5 3. Nc3 Bb4 4. exd5 exd5 5. Bd3 Ne7 6. Nge2 c6 7. O-O Bg4 8.
h3 Bh5 9. a3 Bd6 10. Be3 Nd7 11. Qd2 Bg6 12. Rae1 Qc7 13. Bf4 Bxd3 14. Bxd6
Qxd6 15. Qxd3 O-O 16. Ng3 Ng6 17. Qf5 Rfe8 18. Qf3 Nf6 19. Nf5 Qd7 20. h4 Re6
21. h5 Ne7 22. Ng3 h6 23. Re3 Rxe3 24. fxe3 Qg4 25. Qxg4 Nxg4 26. e4 Ne3 27.
Rf2 Nc4 28. exd5 Nxd5 29. Nxd5 cxd5 30. Nf5 Re8 31. c3 Re1+ 32. Kh2 Kh7 33. b3
Nxa3 34. Nd6 f6 35. Ra2 Re6 36. Nf5 g6 37. hxg6+ Kxg6 38. Nh4+ Kh5 39. Nf5 Kg5
40. Nxh6 Kxh6 41. Rxa3 a6 42. Ra5 Re3 43. Rc5 b5 44. Rc6 Kg5 45. b4 f5 46. Rxa6
Rxc3 47. Rb6 Kf4 48. Rxb5 Ke4 49. Rb8 Kxd4 50. b5 Rb3 51. b6 Kc5 52. b7 Kc6 53.
Rf8 Rxb7 54. Rxf5 d4 55. g4 d3 56. Kg3 Rb1 57. Rf2 Kd5 58. Kf4 Kd4 59. g5 Rg1
60. Kf5 Ke3 61. Ra2 Rf1+ 62. Ke6 d2 63. Rxd2 Kxd2 1/2-1/2

[Event "Paignton Premier 46th"]
[Site "Paignton"]
[Date "1996.09.02"]
[Round "2.10"]
[White "Franklin, Michael J"]
[Black "Gamble, Raymond J"]
[Result "1-0"]
[WhiteElo "2255"]
[BlackElo "1968"]
[PlyCount "49"]
[EventDate "1996.09.01"]
[EventType "swiss"]
[EventRounds "7"]
[EventCountry "ENG"]
[SourceTitle "BritBase"]
[Source "John Saunders"]
[SourceDate "2023.06.22"]
[SourceVersion "1"]
[SourceVersionDate "2023.06.22"]
[SourceQuality "1"]

1. c4 e6 2. Nc3 d5 3. e3 Nf6 4. Nf3 Be7 5. d4 O-O 6. a3 a5 7. Qc2 b6 8. cxd5
exd5 9. Bd3 Ba6 10. Bxa6 Nxa6 11. Ne5 Nb8 12. Bd2 c6 13. Na4 Qc7 14. Rc1 c5 15.
Qb3 Ra6 16. O-O Ne4 17. Qxd5 Nxd2 18. Rfd1 Bd6 19. Rxd2 Bxe5 20. dxe5 Re8 21.
f4 h6 22. Nc3 g5 23. Nb5 Qe7 24. Nd6 Rd8 25. Nf5 1-0

[Event "Paignton Premier 46th"]
[Site "Paignton"]
[Date "1996.09.02"]
[Round "2.11"]
[White "Judd, Ian P"]
[Black "Mulligan, Stephen"]
[Result "1/2-1/2"]
[WhiteElo "1944"]
[BlackElo "2230"]
[PlyCount "81"]
[EventDate "1996.09.01"]
[EventType "swiss"]
[EventRounds "7"]
[EventCountry "ENG"]
[SourceTitle "BritBase"]
[Source "John Saunders"]
[SourceDate "2023.06.22"]
[SourceVersion "1"]
[SourceVersionDate "2023.06.22"]
[SourceQuality "1"]

1. c4 Nf6 2. g3 e6 3. Bg2 d5 4. Nf3 Be7 5. O-O O-O 6. b3 Nbd7 7. Bb2 b6 8. cxd5
exd5 9. Nd4 Bb7 10. Nf5 Re8 11. Nxe7+ Qxe7 12. Re1 Ne5 13. Na3 Ba6 14. f4 Neg4
15. Bf3 Qe6 16. Nc2 c5 17. h3 Nh6 18. Bxf6 gxf6 19. g4 Qd6 20. Ne3 Qxf4 21.
Nxd5 Qg3+ 22. Bg2 Kg7 23. e4 Rad8 24. Re3 Qe5 25. Qc1 Bb7 26. Qc3 Ng8 27. Rf1
Rd6 28. Qc4 Ne7 29. Ref3 Nxd5 30. Rf5 Qg3 31. exd5 Re1 32. Qc3 Rxf1+ 33. Kxf1
Ba6+ 34. Kg1 Qe1+ 35. Kh2 h6 36. Qe3 Qxe3 37. dxe3 Bd3 38. Rf2 Kg6 39. Rd2 Ba6
40. e4 Bc8 41. Kg3 1/2-1/2

[Event "Paignton Premier 46th"]
[Site "Paignton"]
[Date "1996.09.02"]
[Round "2.12"]
[White "Parr, David"]
[Black "Cock, John Crowle"]
[Result "0-1"]
[WhiteElo "2175"]
[BlackElo "2155"]
[PlyCount "108"]
[EventDate "1996.09.01"]
[EventType "swiss"]
[EventRounds "7"]
[EventCountry "ENG"]
[SourceTitle "BritBase"]
[Source "John Saunders"]
[SourceDate "2023.06.22"]
[SourceVersion "1"]
[SourceVersionDate "2023.06.22"]
[SourceQuality "1"]

1. d4 Nf6 2. c4 e6 3. Nf3 d5 4. Nc3 Bb4 5. e3 c5 6. a3 Bxc3+ 7. bxc3 Nc6 8. Bd3
O-O 9. O-O dxc4 10. Bxc4 Qc7 11. Bb2 e5 12. Nxe5 Nxe5 13. dxe5 Qxe5 14. h3 Bf5
15. Qe2 Rad8 16. Rad1 a6 17. Bd3 Bxd3 18. Rxd3 Rxd3 19. Qxd3 Qd5 20. Rd1 Rd8
21. Qxd5 Rxd5 22. Rxd5 Nxd5 23. Kf1 Nb6 24. Bc1 f5 25. Ke2 Nc4 26. Kd3 Nd6 27.
Ke2 $2 Kf7 28. f4 $2 Nc4 29. Kd3 Nd6 30. c4 b5 $19 31. cxb5 axb5 32. Ke2 Ke6
33. Kd3 Kd5 34. Bb2 g6 35. Bc1 Ne4 36. Bb2 Nf2+ 37. Ke2 Ne4 38. Kd3 Kc6 39. Be5
Kd5 40. Bb2 {(Threefold repetition)} Kd6 41. Be5+ Kd5 42. Bb2 {(Fourfold
repetition!)} Kc6 43. Be5 Kb6 44. Bc3 c4+ 45. Kd4 Nxc3 46. Kxc3 Kc5 47. Kc2 Kd5
48. Kc3 Ke4 49. Kd2 h6 50. h4 h5 51. Ke2 c3 52. g3 c2 53. Kd2 Kf3 54. Kxc2 Kxg3
0-1

[Event "Paignton Premier 46th"]
[Site "Paignton"]
[Date "1996.09.02"]
[Round "2.13"]
[White "Brusey, Alan W"]
[Black "Harakis, Alexis"]
[Result "0-1"]
[WhiteElo "1984"]
[BlackElo "2175"]
[PlyCount "44"]
[EventDate "1996.09.01"]
[EventType "swiss"]
[EventRounds "7"]
[EventCountry "ENG"]
[SourceTitle "BritBase"]
[Source "John Saunders"]
[SourceDate "2023.06.22"]
[SourceVersion "1"]
[SourceVersionDate "2023.06.22"]
[SourceQuality "1"]

1. e4 e6 2. d4 d5 3. e5 c5 4. c3 Qb6 5. Nf3 Nc6 6. a3 Nh6 7. Bd3 cxd4 8. cxd4
Bd7 9. Nc3 Nxd4 10. Nxd4 Qxd4 11. O-O a6 12. Bxh6 gxh6 13. Qe2 Bg7 14. Rfe1 O-O
15. Rad1 Qb6 16. Bb1 f5 17. exf6 Bxf6 18. Qg4+ Bg5 19. Re3 Rxf2 20. Rd4 Raf8
21. h4 R2f4 22. Nxd5 Qxd4 0-1

[Event "Paignton Premier 46th"]
[Site "Paignton"]
[Date "1996.09.02"]
[Round "2.14"]
[White "Karayiannis, Costas"]
[Black "Lewis, David J"]
[Result "1/2-1/2"]
[WhiteElo "2105"]
[BlackElo "1784"]
[PlyCount "98"]
[EventDate "1996.09.01"]
[EventType "swiss"]
[EventRounds "7"]
[EventCountry "ENG"]
[SourceTitle "BritBase"]
[Source "John Saunders"]
[SourceDate "2023.06.22"]
[SourceVersion "1"]
[SourceVersionDate "2023.06.22"]
[SourceQuality "1"]

1. d4 g6 2. Nf3 Bg7 3. c3 d5 4. Bg5 Nf6 5. e3 Nbd7 6. Nbd2 O-O 7. Bd3 Re8 8.
O-O e5 9. dxe5 Nxe5 10. Nxe5 Rxe5 11. Bf4 Re8 12. h3 Nd7 13. Bb5 c6 14. Be2 Be5
15. Bxe5 Nxe5 16. Nf3 Nxf3+ 17. Bxf3 Qg5 18. Kh2 Qe5+ 19. g3 Bf5 20. Qd4 Qg7
21. Qb4 f6 22. Rad1 Be4 23. Be2 Qe7 24. Qxe7 Rxe7 25. Rd2 Rae8 26. h4 Bf5 27.
Rfd1 Kf8 28. g4 Bc8 29. Kg3 f5 30. g5 Kg7 31. Bf3 h6 32. Rh1 Re5 33. Kf4 h5 34.
b3 R5e7 35. Rhd1 Be6 36. Rb1 Kf7 37. a3 Kf8 38. b4 a6 39. a4 Kf7 40. Be2 Bd7
41. Bd3 Rc8 42. a5 c5 43. c4 dxc4 44. Bxc4+ Be6 45. Bxe6+ Kxe6 46. bxc5 Rxc5
47. Rb6+ Rc6 48. Rdb2 Kd5 49. Rd2+ Ke6 1/2-1/2

[Event "Paignton Premier 46th"]
[Site "Paignton"]
[Date "1996.09.02"]
[Round "2.15"]
[White "Hempson, Peter W"]
[Black "Kambites, Mark E"]
[Result "1/2-1/2"]
[WhiteElo "2235"]
[BlackElo "2008"]
[PlyCount "119"]
[EventDate "1996.09.01"]
[EventType "swiss"]
[EventRounds "7"]
[EventCountry "ENG"]
[SourceTitle "BritBase"]
[Source "John Saunders"]
[SourceDate "2023.06.22"]
[SourceVersion "1"]
[SourceVersionDate "2023.06.22"]
[SourceQuality "1"]

1. d4 f5 2. Bg5 Nf6 3. Bxf6 exf6 4. e3 g6 5. Bd3 b6 6. Nf3 Bb7 7. c4 Nc6 8. Nc3
Bg7 9. a3 O-O 10. Qc2 a6 11. h4 h5 12. Rh3 Ne7 13. d5 Qe8 14. Ne2 Bh6 15. Kf1
Kh8 16. Nfd4 Nc8 17. Re1 Nd6 18. Nc3 Qf7 19. b4 Nc8 20. f3 Ne7 21. Kf2 Rae8 22.
Rhh1 Rg8 23. a4 d6 24. Ne6 c6 25. Nc7 Rc8 26. dxc6 Nxc6 27. N7d5 Ba8 28. Nxb6
Nxb4 29. Qb1 Nxd3+ 30. Qxd3 Rc6 31. a5 Qe6 32. Qd5 Qxd5 33. Ncxd5 Rc5 34. Ne7
Re8 35. Nxg6+ Kh7 36. Nf4 Rxa5 37. Ra1 Rxa1 38. Rxa1 Bb7 39. Nbd5 Bxd5 40. Nxd5
Ra8 41. Nxf6+ Kg6 42. Nd5 a5 43. Ra4 Bg7 44. Ke2 Be5 45. f4 Bb2 46. Kd3 Bf6 47.
g3 Kf7 48. Nxf6 Kxf6 49. e4 Ke6 50. Kd4 Ra6 51. exf5+ Kxf5 52. Kd5 Kg4 53. Ra3
Kf5 54. Kd4 Ra8 55. Kc3 Kg4 56. Kd4 Kf5 57. Kd5 Ra6 58. c5 dxc5 59. Kxc5 Kg4
60. Kb5 1/2-1/2

[Event "Paignton Premier 46th"]
[Site "Paignton"]
[Date "1996.09.02"]
[Round "2.16"]
[White "Peters, Stephen G"]
[Black "Hodge, David J"]
[Result "1-0"]
[WhiteElo "2215"]
[BlackElo "1944"]
[PlyCount "67"]
[EventDate "1996.09.01"]
[EventType "swiss"]
[EventRounds "7"]
[EventCountry "ENG"]
[SourceTitle "BritBase"]
[Source "John Saunders"]
[SourceDate "2023.06.22"]
[SourceVersion "1"]
[SourceVersionDate "2023.06.22"]
[SourceQuality "1"]

1. d4 Nf6 2. c4 g6 3. Nc3 Bg7 4. e4 d6 5. Nf3 O-O 6. Be2 e5 7. dxe5 dxe5 8.
Qxd8 Rxd8 9. Bg5 c6 10. Nxe5 Re8 11. f4 h6 12. Bh4 g5 13. Bg3 gxf4 14. Bxf4
Nxe4 15. Nxe4 Bxe5 16. Bxe5 Rxe5 17. O-O-O Rxe4 18. Rd8+ Kg7 19. Bd3 Bf5 20.
Bxe4 Bxe4 21. Re1 Bf5 22. Ree8 Be6 23. Rxb8 Rxb8 24. Rxb8 Bxc4 25. Rxb7 a5 26.
b3 Bd5 27. g3 Kf6 28. Kd2 Ke5 29. Ke3 a4 30. bxa4 Bxa2 31. a5 Bc4 32. Rb4 Bd5
33. a6 c5 34. Rb8 1-0

[Event "Paignton Premier 46th"]
[Site "Paignton"]
[Date "1996.09.02"]
[Round "2.17"]
[White "Jackson, David (Devon)"]
[Black "White, Mark W"]
[Result "1/2-1/2"]
[WhiteElo "1808"]
[BlackElo "2048"]
[PlyCount "49"]
[EventDate "1996.09.01"]
[EventType "swiss"]
[EventRounds "7"]
[EventCountry "ENG"]
[SourceTitle "BritBase"]
[Source "John Saunders"]
[SourceDate "2023.06.22"]
[SourceVersion "1"]
[SourceVersionDate "2023.06.22"]
[SourceQuality "1"]

1. d4 Nf6 2. e3 g6 3. Bd3 Bg7 4. Nf3 d6 5. Nbd2 O-O 6. O-O Re8 7. Bc4 e5 8.
dxe5 dxe5 9. Ng5 Be6 10. Nxe6 fxe6 11. e4 Nc6 12. c3 Qd6 13. Qe2 Rad8 14. b4
Nd7 15. Nf3 Nb6 16. Bg5 Rc8 17. Rfd1 Qf8 18. Bb5 Bf6 19. Bxc6 bxc6 20. Be3 Rcd8
21. h3 Rxd1+ 22. Rxd1 Rd8 23. Rxd8 Qxd8 24. Bxb6 cxb6 25. Qd2 1/2-1/2

[Event "Paignton Premier 46th"]
[Site "Paignton"]
[Date "1996.09.02"]
[Round "2.18"]
[White "George, Ian M"]
[Black "Richards, John E"]
[Result "1-0"]
[WhiteElo "2032"]
[BlackElo "1880"]
[PlyCount "83"]
[EventDate "1996.09.01"]
[EventType "swiss"]
[EventRounds "7"]
[EventCountry "ENG"]
[SourceTitle "BritBase"]
[Source "John Saunders"]
[SourceDate "2023.06.22"]
[SourceVersion "1"]
[SourceVersionDate "2023.06.22"]
[SourceQuality "1"]

1. e4 c6 2. d4 d5 3. exd5 cxd5 4. Bd3 Nf6 5. Bf4 Nc6 6. c3 Qb6 7. Qb3 Qxb3 8.
axb3 g6 9. Nd2 Bg7 10. Ngf3 O-O 11. O-O Re8 12. b4 Nh5 13. Bc7 e5 14. dxe5 Nxe5
15. Nxe5 Bxe5 16. Rae1 f6 17. Nf3 Bf5 18. Nxe5 Re7 19. Bxf5 gxf5 20. Bd6 Re6
21. Ng4 Rxd6 22. Nh6+ Kf8 23. Nxf5 Rd7 24. g3 Ng7 25. Nxg7 Kxg7 26. Rd1 b5 27.
Rfe1 Kf7 28. Rd4 Rc8 29. Kg2 Rg8 30. Ree4 Rg5 31. Rh4 Ke6 32. Rh6 Rg6 33. Rh5
Rg5 34. Rxg5 fxg5 35. Kf3 h5 36. Ke3 Rf7 37. f4 g4 38. Rd3 Rc7 39. b3 Rh7 40.
Kd4 h4 41. Kc5 hxg3 42. hxg3 1-0

[Event "Paignton Premier 46th"]
[Site "Paignton"]
[Date "1996.09.02"]
[Round "2.19"]
[White "Page, Martin C"]
[Black "Wright, Andrew D"]
[Result "1-0"]
[WhiteElo "2008"]
[BlackElo "1560"]
[PlyCount "109"]
[EventDate "1996.09.01"]
[EventType "swiss"]
[EventRounds "7"]
[EventCountry "ENG"]
[SourceTitle "BritBase"]
[Source "John Saunders"]
[SourceDate "2023.06.22"]
[SourceVersion "1"]
[SourceVersionDate "2023.06.22"]
[SourceQuality "1"]

1. c4 e5 2. Nc3 f5 3. Nf3 Nc6 4. d4 e4 5. Nd2 e3 6. fxe3 Nf6 7. Nf3 Bb4 8. a3
Bxc3+ 9. bxc3 O-O 10. g3 d5 11. cxd5 Qxd5 12. Bg2 Re8 13. O-O Ne4 14. Nd2 Na5
15. Nxe4 fxe4 16. Rb1 b6 17. Qc2 Nc4 18. Rf4 Bf5 19. Qb3 Bg6 20. Qa4 a6 21. Qc2
b5 22. Rb4 Nd6 23. Qb1 a5 24. Rb3 a4 25. Rb4 c6 26. Qc2 Rf8 27. Qd2 Rae8 28.
Qe1 Bf5 29. g4 g5 30. Rxf5 Nxf5 31. gxf5 Rxf5 32. c4 bxc4 33. Bd2 Ref8 34. Rxa4
Qf7 35. Bb4 Re8 36. Bc5 h5 37. Ra7 Qg6 38. Qb4 Qe6 39. Ra4 Rf7 40. Qxc4 Qf5 41.
h3 Qf2+ 42. Kh2 g4 43. Bd6 gxh3 44. Kxh3 Qxe3+ 45. Kh2 Kg7 46. Qc5 Re6 47. Ra7
Rxa7 48. Qxa7+ Kg6 49. Qd7 Kf6 50. Bg3 Qg5 51. Bh3 Re7 52. Qxc6+ Kg7 53. Qc5
Qxc5 54. dxc5 Ra7 55. c6 1-0

[Event "Paignton Premier 46th"]
[Site "Paignton"]
[Date "1996.09.03"]
[Round "3.1"]
[White "Lane, Gary William"]
[Black "Phillips, Alan"]
[Result "1-0"]
[WhiteElo "2405"]
[BlackElo "2150"]
[PlyCount "65"]
[EventDate "1996.09.01"]
[EventType "swiss"]
[EventRounds "7"]
[EventCountry "ENG"]
[SourceTitle "BritBase"]
[Source "John Saunders"]
[SourceDate "2023.06.22"]
[SourceVersion "1"]
[SourceVersionDate "2023.06.22"]
[SourceQuality "1"]

1. e4 e5 2. Bc4 Nf6 3. d3 c6 4. Nf3 Be7 5. Bb3 O-O 6. O-O d6 7. Re1 Na6 8. c3
Nc5 9. Bc2 Bg4 10. Nbd2 Ne6 11. h3 Bh5 12. Nf1 Ne8 13. Ng3 Bg6 14. d4 Bf6 15.
Be3 Qc7 16. a4 a5 17. Qe2 c5 18. d5 Nf4 19. Qd2 Nh5 20. Nf5 Bd8 21. g4 Nhf6 22.
Kh2 Qd7 23. c4 h5 24. Rg1 hxg4 25. hxg4 Nh7 26. Rg3 Nef6 27. Rh1 Re8 28. Bh6
Nxe4 29. Bxe4 gxh6 30. Qxh6 Bf6 31. Kg2 Qd8 32. g5 Bh8 33. N3h4 1-0

[Event "Paignton Premier 46th"]
[Site "Paignton"]
[Date "1996.09.03"]
[Round "3.2"]
[White "McKenna, Jason P"]
[Black "Baker, Chris W"]
[Result "0-1"]
[WhiteElo "2125"]
[BlackElo "2370"]
[PlyCount "88"]
[EventDate "1996.09.01"]
[EventType "swiss"]
[EventRounds "7"]
[EventCountry "ENG"]
[SourceTitle "BritBase"]
[Source "John Saunders"]
[SourceDate "2023.06.22"]
[SourceVersion "1"]
[SourceVersionDate "2023.06.22"]
[SourceQuality "1"]

1. e4 d6 2. d4 Nf6 3. Nc3 g6 4. Be2 Bg7 5. Be3 Nbd7 6. Qd2 c6 7. a4 e5 8. f4
Qe7 9. fxe5 dxe5 10. d5 Qb4 11. dxc6 bxc6 12. Nf3 O-O 13. O-O Ng4 14. Ng5 Nxe3
15. Qxe3 Qd4 16. Qf2 Rb8 17. Rad1 Qxf2+ 18. Rxf2 Rb4 19. Rd6 h6 20. Nf3 Rxb2
21. Rxc6 Rxc2 22. Nd5 Rxc6 23. Ne7+ Kh7 24. Nxc6 Bb7 25. Nxa7 Nc5 26. Bb5 Nxe4
27. Rc2 Nd6 28. Bc6 e4 29. Bxb7 exf3 30. Bxf3 Bd4+ 31. Kf1 Bxa7 32. Rc7 Bb8 33.
Rd7 Nc4 34. h3 Ne5 35. Rb7 Nxf3 36. gxf3 Kg7 37. a5 Bf4 38. a6 Ra8 39. Rb6 Ra7
40. Ke2 Re7+ 41. Kf1 Be3 42. Rc6 Re6 43. Rc3 Ba7 44. Ra3 Re3 0-1

[Event "Paignton Premier 46th"]
[Site "Paignton"]
[Date "1996.09.03"]
[Round "3.3"]
[White "Mordue, A Tyson"]
[Black "Crickmore, Neil EG"]
[Result "1-0"]
[WhiteElo "2240"]
[BlackElo "2168"]
[PlyCount "75"]
[EventDate "1996.09.01"]
[EventType "swiss"]
[EventRounds "7"]
[EventCountry "ENG"]
[SourceTitle "BritBase"]
[Source "John Saunders"]
[SourceDate "2023.06.22"]
[SourceVersion "1"]
[SourceVersionDate "2023.06.22"]
[SourceQuality "1"]

1. e4 e6 2. d4 d5 3. Nd2 Nf6 4. e5 Nfd7 5. Bd3 c5 6. c3 Nc6 7. Ne2 cxd4 8. cxd4
f6 9. exf6 Nxf6 10. Nf3 Qb6 11. O-O Bd6 12. b3 O-O 13. Bb2 Ng4 14. Ng3 g6 15.
Be2 Qc7 16. Ng5 Nh6 17. a4 Qg7 18. Nf3 Bd7 19. Ba3 Bxa3 20. Rxa3 Rf4 21. Qd2
Raf8 22. Rd1 Kh8 23. b4 e5 24. dxe5 Nxe5 25. Nxe5 Qxe5 26. Bf3 Bg4 27. Re3 Qf6
28. Qxd5 Bxf3 29. Rxf3 Rxf3 30. gxf3 Qxf3 31. Qd4+ Qf6 32. Qxf6+ Rxf6 33. Rd8+
Kg7 34. Ne4 Rf7 35. Nd6 Re7 36. Nc8 Nf7 37. Rd4 b6 $4 38. Nxe7 1-0

[Event "Paignton Premier 46th"]
[Site "Paignton"]
[Date "1996.09.03"]
[Round "3.4"]
[White "Mack, Andrew L"]
[Black "Cafferty, Bernard"]
[Result "1-0"]
[WhiteElo "2270"]
[BlackElo "2240"]
[PlyCount "89"]
[EventDate "1996.09.01"]
[EventType "swiss"]
[EventRounds "7"]
[EventCountry "ENG"]
[SourceTitle "BritBase"]
[Source "John Saunders"]
[SourceDate "2023.06.22"]
[SourceVersion "1"]
[SourceVersionDate "2023.06.22"]
[SourceQuality "1"]

1. e4 d5 2. exd5 Qxd5 3. Nc3 Qa5 4. Bc4 Nf6 5. d3 Bg4 6. Nge2 e6 7. O-O Nbd7 8.
Bd2 c6 9. f3 Bf5 10. Ng3 Bg6 11. f4 Bb4 12. a3 Qb6+ 13. Kh1 Bd6 14. Nce4 Bxe4
15. dxe4 Bc7 (15... Qxb2 16. Ba5 $1) 16. Qe2 Bb8 17. Nh5 Nxh5 18. Qxh5 Qc5 19.
Qe2 Qe7 20. Rf3 Bc7 21. Bc3 f6 22. a4 O-O-O 23. a5 e5 24. f5 Kb8 25. b4 Ka8 26.
a6 Nb8 27. axb7+ Kxb7 28. b5 cxb5 29. Bxb5 Bb6 30. Bc4 Qc5 31. Bd5+ Rxd5 32.
exd5 Qxd5 33. Rd3 Qc6 34. Ba5 Rc8 35. Bxb6 axb6 36. Rda3 Rc7 37. Ra7+ Kc8 38.
Rxc7+ Qxc7 39. Qb5 Qxc2 40. Qxb6 Qc6 41. Qe3 Kd8 42. Rc1 Qd6 43. Qb3 Nd7 44.
Rd1 Qf8 45. Qb8+ {Source: BC scoresheet} 1-0

[Event "Paignton Premier 46th"]
[Site "Paignton"]
[Date "1996.09.03"]
[Round "3.5"]
[White "Harakis, Alexis"]
[Black "Franklin, Michael J"]
[Result "0-1"]
[WhiteElo "2175"]
[BlackElo "2255"]
[PlyCount "104"]
[EventDate "1996.09.01"]
[EventType "swiss"]
[EventRounds "7"]
[EventCountry "ENG"]
[SourceTitle "BritBase"]
[Source "John Saunders"]
[SourceDate "2023.06.22"]
[SourceVersion "1"]
[SourceVersionDate "2023.06.22"]
[SourceQuality "1"]

1. d4 Nf6 2. c4 e6 3. Nc3 Bb4 4. e3 O-O 5. Bd3 d5 6. cxd5 exd5 7. a3 Bd6 8. Nb5
Be7 9. Qc2 c6 10. Nc3 Re8 11. Nge2 Nbd7 12. O-O Nf8 13. b4 Bd6 14. f3 Qc7 15.
h3 a5 16. Rb1 Qe7 17. Qb2 axb4 18. axb4 Bb8 19. e4 dxe4 20. fxe4 Nh5 21. Bc4
Ne6 22. g4 Ng3 23. Nxg3 Bxg3 24. d5 Nd8 25. Qg2 Be5 26. Ne2 Qc7 27. Bd3 f6 28.
Rb3 Nf7 29. Bb1 h6 30. Be3 Bd6 31. Nd4 Ne5 32. Rc1 Qe7 33. dxc6 bxc6 34. b5
cxb5 35. Rxb5 Kh8 36. Nf5 Bxf5 37. gxf5 Rec8 38. Rxc8+ Rxc8 39. Ba2 Ra8 40. Bd5
Ra1+ 41. Kf2 Qc7 42. Kg3 Nc4+ 43. Kh4 Nxe3 44. Qg6 Nxd5 45. Qe8+ Kh7 46. Qg6+
Kg8 47. Rxd5 Bf8 48. Qg4 Qc1 49. Kh5 Ra4 50. h4 Qe3 51. Rd7 Ra1 (51... Rxe4 $4
52. Rxg7+ Bxg7 53. Qxg7+ Kxg7 {stalemate}) 52. Qg6 Rg1 0-1

[Event "Paignton Premier 46th"]
[Site "Paignton"]
[Date "1996.09.03"]
[Round "3.6"]
[White "Cock, John Crowle"]
[Black "George, Ian M"]
[Result "0-1"]
[WhiteElo "2155"]
[BlackElo "2032"]
[PlyCount "64"]
[EventDate "1996.09.01"]
[EventType "swiss"]
[EventRounds "7"]
[EventCountry "ENG"]
[SourceTitle "BritBase"]
[Source "John Saunders"]
[SourceDate "2023.06.22"]
[SourceVersion "1"]
[SourceVersionDate "2023.06.22"]
[SourceQuality "1"]

1. e4 c5 2. Nc3 e6 3. Nf3 Nc6 4. d4 cxd4 5. Nxd4 Nf6 6. Ndb5 Bb4 7. a3 Bxc3+ 8.
Nxc3 d5 9. exd5 exd5 10. Bb5 d4 11. Qe2+ Be6 12. Ne4 Nxe4 13. Bxc6+ bxc6 14.
Qxe4 O-O 15. O-O Re8 16. Rd1 c5 17. b4 Qd7 18. Qd3 Bg4 19. f3 Bf5 20. Qc4 Qa4
21. Qxc5 Bxc2 22. Rxd4 Rac8 23. Qd6 Re1+ 24. Kf2 Qe8 25. Kg3 h5 26. Rd2 Ba4 27.
Bb2 Rxa1 28. Bxa1 Qe1+ 29. Kf4 Qxa1 30. Qa6 Qc1 31. Qd3 Rc2 32. Ke3 Rc3 0-1

[Event "Paignton Premier 46th"]
[Site "Paignton"]
[Date "1996.09.03"]
[Round "3.7"]
[White "Lamb, Harry"]
[Black "Wismayer, Clive R"]
[Result "1/2-1/2"]
[WhiteElo "2255"]
[BlackElo "2075"]
[PlyCount "129"]
[EventDate "1996.09.01"]
[EventType "swiss"]
[EventRounds "7"]
[EventCountry "ENG"]
[SourceTitle "BritBase"]
[Source "John Saunders"]
[SourceDate "2023.06.22"]
[SourceVersion "1"]
[SourceVersionDate "2023.06.22"]
[SourceQuality "1"]

1. Nf3 c5 2. g3 Nc6 3. d4 g6 4. Bg2 cxd4 5. Nxd4 Bg7 6. Nb3 Nf6 7. c4 O-O 8.
Nc3 d6 9. O-O Rb8 10. Be3 Ng4 11. Bf4 Nge5 12. c5 dxc5 13. Nxc5 Bf5 14. Qa4 Qb6
15. Nb3 Be6 16. Nd5 Bxd5 17. Bxd5 Rbd8 18. Be3 Qc7 19. Bg2 Nd7 20. Qa3 Nb6 21.
Rac1 e6 22. Qxa7 Nd5 23. Bxd5 Rxd5 24. Qa3 Rfd8 25. Nc5 b6 26. Nd3 Qb7 27. Rxc6
Rxd3 28. exd3 Qxc6 29. Rc1 Qb5 30. d4 h5 31. h4 Qd5 32. Qb4 Bxd4 33. Bxd4 Qxd4
34. Qxd4 Rxd4 35. Rc6 Rb4 36. b3 Kg7 37. Kf1 Kf6 38. Ke2 Ke5 39. Kd3 Rb5 40.
Kc3 f6 41. Rc8 Rd5 42. a4 Kd6 43. Rg8 Rc5+ 44. Kd4 Rd5+ 45. Kc4 Rc5+ 46. Kb4 g5
47. hxg5 Rxg5 48. Rd8+ Kc6 49. Rc8+ Kd6 50. Rd8+ Kc6 51. Rd2 Rg4+ 52. Kc3 h4
53. gxh4 Rxh4 54. b4 Rh3+ 55. Kc4 Ra3 56. b5+ Kc7 57. Kb4 Ra1 58. Rc2+ Kb7 59.
Rc6 Rb1+ 60. Ka3 Ra1+ 61. Kb3 Rb1+ 62. Kc2 Rf1 63. Rxe6 Rxf2+ 64. Kd3 Rf4 65.
Ke3 1/2-1/2

[Event "Paignton Premier 46th"]
[Site "Paignton"]
[Date "1996.09.03"]
[Round "3.8"]
[White "Mulligan, Stephen"]
[Black "Benson, Paul J"]
[Result "1-0"]
[WhiteElo "2230"]
[BlackElo "2010"]
[PlyCount "119"]
[EventDate "1996.09.01"]
[EventType "swiss"]
[EventRounds "7"]
[EventCountry "ENG"]
[SourceTitle "BritBase"]
[Source "John Saunders"]
[SourceDate "2023.06.22"]
[SourceVersion "1"]
[SourceVersionDate "2023.06.22"]
[SourceQuality "1"]

1. Nf3 d5 2. d4 e6 3. Bf4 Bd6 4. e3 Ne7 5. Be2 Ng6 6. Qd2 O-O 7. Nc3 c6 8. O-O
f5 9. Rfe1 Qc7 10. g3 Nd7 11. Rad1 Nf6 12. Rf1 Bd7 13. a3 Kh8 14. Bd3 Ne4 15.
Qe1 e5 16. dxe5 Nxe5 17. Nxe5 Bxe5 18. Ne2 Rae8 19. f3 Nf6 20. Qf2 Re7 21. Rfe1
Rfe8 22. c3 Qb6 23. Rd2 Bxf4 24. exf4 Qxf2+ 25. Kxf2 g6 26. Rdd1 Kg7 27. Bc2
Kf7 28. Rd2 c5 29. Red1 Bb5 30. Nc1 Bc4 31. a4 b6 32. h3 Re3 33. Bd3 Bxd3 34.
Nxd3 R3e6 35. Ne5+ Ke7 36. Ra1 a5 37. Rad1 Rd8 38. Nc4 Rd7 39. Ne5 Rd8 40. Re1
Rdd6 41. Red1 Rd8 42. Ke3 Red6 43. Kf2 Re6 44. b4 axb4 45. cxb4 Ra8 46. Ra1
cxb4 47. Rb2 Nd7 48. Rxb4 Ra7 49. Re1 Nxe5 50. Rxe5 Ra6 51. Ke3 Kd6 52. Kd4
Rxe5 53. fxe5+ Kc6 54. h4 Ra7 55. e6 Re7 56. Ke5 Rb7 {('R-Q2')} 57. Rb1 Rb8 58.
Rc1+ Kb7 59. Kxd5 Ra8 60. e7 {time} 1-0

[Event "Paignton Premier 46th"]
[Site "Paignton"]
[Date "1996.09.03"]
[Round "3.9"]
[White "Aston, Paul A"]
[Black "Peters, Stephen G"]
[Result "0-1"]
[WhiteElo "1984"]
[BlackElo "2215"]
[PlyCount "62"]
[EventDate "1996.09.01"]
[EventType "swiss"]
[EventRounds "7"]
[EventCountry "ENG"]
[SourceTitle "BritBase"]
[Source "John Saunders"]
[SourceDate "2023.06.22"]
[SourceVersion "1"]
[SourceVersionDate "2023.06.22"]
[SourceQuality "1"]

1. d4 Nf6 2. Nc3 d5 3. e4 e6 4. Bg5 Be7 5. e5 Nfd7 6. h4 h6 7. Bxe7 Qxe7 8. Qg4
Kf8 9. Rh3 h5 10. Qf4 a6 11. Nf3 c5 12. Bd3 Nc6 13. dxc5 Nxc5 14. Ng5 Nd7 15.
Kf1 Ndxe5 16. Re1 f6 17. Nh7+ Kg8 18. Rg3 Rxh7 19. Bxh7+ Kxh7 20. Qd2 Qf7 21.
f4 Ng4 22. f5 Bd7 23. fxe6 Bxe6 24. Ne2 Nce5 25. Nf4 Rc8 26. c3 Rc4 27. Qc2+
Kg8 28. Nxe6 Qxe6 29. Kg1 Nf3+ 30. Rxf3 Qxe1+ 31. Rf1 Qxf1+ 0-1